000
00323nam a22001451a 4500
020
_a
9788171230716
082
_a
294.6
_b
GOB/Z
100
_a
Gobind Singh Ji
245
_a
Zafarnama/
_c
by Gobind Singh Ji
260
_a
New Delhi:
_b
Abc,
_c
2000.
300
_a
112p.
650
_a
Sikhism
650
_a
Religion
942
_c
BK
999
_c
51888
_d
51888